| 000 | 00558nam a2200229Ia 4500 | ||
|---|---|---|---|
| 008 | 150901s9999 xx 000 0 und d | ||
| 020 | _a9780323068604 | ||
| 041 | _aEnglish | ||
| 082 | _a640 | ||
| 082 | _bSCH/WI | ||
| 100 | _aRoth Sara Long | ||
| 100 | _aSchlenker Eleanor D | ||
| 100 | _eAuthor | ||
| 245 | _aWilliam's Essentials of nutrition and diet therapy | ||
| 260 | _aMissouri | ||
| 260 | _bElsevier | ||
| 260 | _c2011 | ||
| 300 | _a634 Pages | ||
| 365 | _aRs.4217.10/- | ||
| 650 | _aEssentials of nutrition | ||
| 942 | _cBK | ||
| 999 |
_c242527 _d242527 |
||